• 首页
  • 本馆介绍
  • 公告通知
  • 最新文献
  • 馆藏检索
  • 电子资源
  • 读者导购
  • 参考咨询
  • 我的图书馆
  • 登录
  • 详细信息显示
  • 放入我的书架
  • 预约/预借图书
  • 作者相关作品
  • 分类相关作品
  • 丛书相关作品
  • 出版社相关作品

书目信息

  • 表格格式
  • 工作单格式
  • 卡片格式
题名:
外国电影剧本丛刊特辑
    
 
作者: ;中国电影出版社 编
分册: 1   粒粒皆辛苦
出版信息: 北京   中国电影出版社  1982
页数: 235页
开本: 20cm
丛书名:
单 册:
中图分类: I13
科图分类:
主题词: 戏剧文学--作品集--世界
电子资源:
ISBN:
000 00641nam0 2200193 45
001 0312221749
005 20061105162053.00
010    @dCNY0.95
100    @a20031222d1982 km y0chiy0120 ea
101    @achi
200 1  @a外国电影剧本丛刊特辑@Awai guo dian ying ju ben cong kan te ji@h1@i粒粒皆辛苦@f中国电影出版社编@Fzhong guo dian ying chu ban she bian
210    @a北京@c中国电影出版社@d1982
215    @a235页@d20cm
517 1  @a粒粒皆辛苦@Ali li jie xin ku
606 0  @a戏剧文学@x作品集@x世界
690    @aI13@v3
711  0 @a中国电影出版社@Azhong guo dian ying chu ban she@4编
801    @aCN@bTSTCL@c20061105
905    @a213230@dI13@e1/82
    
    外国电影剧本丛刊特辑.1.粒粒皆辛苦/中国电影出版社编.-北京:中国电影出版社,1982
    235页;20cm
    
    
    ISBN :CNY0.95
    
●
相关链接 在E读中查询图书 在五车中查询图书 在当当中查询图书 在豆瓣中查询图书


正题名:外国电影剧本丛刊特辑     索取号:I13/1/82         预约/预借

序号 登录号 条形码 馆藏地/架位号 状态 备注
1 0085908   000052212   第一样本阅览室/ [索取号:I13/1/82] 在馆    
唐山师范学院图书馆 欢迎您!
大连网信软件有限公司© 版权所有